000 00269nam a2200109Ia 4500
008 230320s9999||||xx |||||||||||||| ||spa||
082 _a268/G91
100 _aGuittard, Louis
245 0 _aLa Evolucion Religiosa De Los Adolescentes
260 _bHERDER
942 _80
_cLIB
999 _c27862
_d27862